| 000 | 01176nam a2200313 i 4500 | ||
|---|---|---|---|
| 001 | 000018501 | ||
| 003 | DO-SdBNP | ||
| 005 | 20260211083110.0 | ||
| 007 | ta | ||
| 008 | 100511s2010 dr a 000 0 spa d | ||
| 020 | _a9789945469172 | ||
| 040 |
_aDO-SdBNP _bspa _cBNPHU _erda |
||
| 041 | _aspa | ||
| 082 | 4 |
_a305.4 _bA797i _222 |
|
| 100 | 1 |
_aArzeno, Hilda, _d1985- _eautor _4aut. _940020 |
|
| 245 | 1 | 0 |
_aInstinto femenino : _bconfesiones inusuales de una mujer / _cHilda Arzeno ; prólogo, José Rafael Sosa ; corrección, Santiago Almada ; fotografía, Lorena Espinoza ; diagramación, Ivan Pulols S. |
| 264 |
_aSanto Domingo : _bEditora Búho, _c2010. |
||
| 300 |
_a152 páginas : _bilustraciones ; _c21 cm. |
||
| 336 |
_atexto _btxt _2rdacontent |
||
| 337 |
_asin mediación _bn _2rdamedia |
||
| 338 |
_avolumen _bnc _2rdacarrier |
||
| 490 | 0 | _aDesnudez e irreverencia | |
| 500 | _aIncluye datos biográficos de la autora en la solapa de la cubierta. | ||
| 650 | 4 |
_aMujeres _913968 |
|
| 700 | 1 |
_aSosa, José Rafael, _eprologuista _4pr. _964 |
|
| 700 | 1 |
_aAlmada, Santiago _efotógrafo _4fot. _987829 |
|
| 910 | _aValidado. Control de calidad/MAA | ||
| 942 |
_2ddc _cLBS1 |
||
| 999 |
_c18021 _d18021 |
||